000
00261nam a22001217a 4500
082
_a
823
_b
RAJ/P
100
_a
RAJA, SUNDARA R
245
_a
PANCHATANTRA - II
260
_a
MADRAS
_b
CHILDREN'S WORLD
300
_a
8
650
_a
ENGLISH STORY
_z
INDIA
942
_c
BK
999
_c
7385
_d
7385